000 01548cam a2200385 a 4500
001 13580076
003 OSt
005 20251112073846.0
008 040503s2004 enkab b 001 0 eng
010 _a 2004271593
020 _a0199261784
020 _a9780199261789
035 _a13580076
040 _aDLC
_cDLC
_dDLC
050 0 0 _aTJ808
_b.R42 2004
082 0 4 _a333.79
_221
100 _aGodfrey Boyle
245 0 0 _aRenewable energy /
_cedited by Godfrey Boyle.
260 _aOxford ;
_aNew York :
_bOxford University Press in association with the Open University,
_cc2004.
300 _axi, 452 p. :
_bill. (some col.), maps (some col.) ;
_c27 cm.
336 _atext
_btxt
_2rdacontent
337 _aunmediated
_bn
_2rdamedia
338 _avolume
_bnc
_2rdacarrier
504 _aIncludes bibliographical references and index.
650 0 _aRenewable energy sources.
700 1 _aBoyle, Godfrey.
710 2 _aOpen University.
856 4 2 _3Publisher description
_uhttp://www.loc.gov/catdir/enhancements/fy0620/2004271593-d.html
856 4 1 _3Table of contents only
_uhttp://www.loc.gov/catdir/enhancements/fy0620/2004271593-t.html
856 4 2 _3Contributor biographical information
_uhttp://www.loc.gov/catdir/enhancements/fy0725/2004271593-b.html
906 _a7
_bcbc
_corigcop
_d2
_encip
_f20
_gy-gencatlg
942 _2lcc
_cBK
999 _c265109
_d265108